Black Sabbath Songs - Sudden Death - Statistics

General Stats
  • This quiz has been taken 92 times
  • The average score is 13 of 20
Answers on the Grid
Answers color-coded by a green-red scale on the quiz's grid according to % correct below.
A National Acrobat
After Forever
Black Sabbath
Changes
Children Of The Grave
Comfortably Numb
Die Young
Dreams
Electric Funeral
Embryo
End Of The Beginning
Gimme The Prize
Heaven And Hell
In The End
In The Lap Of The Gods
Iron Man
Lady Stardust
Misfire
N.I.B
Neon Knights
Paranoid
Planet Caravan
Rat Salad
Run To The Hills
Sabbath Bloody Sabbath
Stay Away
Sweet Leaf
The Chain
The Show Must Go On
The Wizard
Tie Your Mother Down
Time
War Pigs
 
Answer Stats
Answer % Correct
Iron Man
87%
Black Sabbath
85%
Children Of The Grave
78%
Sabbath Bloody Sabbath
78%
Heaven And Hell
77%
Paranoid
77%
N.I.B
75%
War Pigs
75%
Changes
73%
Planet Caravan
70%
Electric Funeral
68%
The Wizard
63%
A National Acrobat
60%
Sweet Leaf
60%
Rat Salad
53%
Neon Knights
52%
Die Young
50%
Embryo
48%
After Forever
45%
End Of The Beginning
38%
No matching quizzes found
Score Distribution
Percent of People with Each Score
Percentile by Number Answered
Your Score History
You have not taken this quiz